Statistics for Europe Countries

Click here to take the quiz!

General Stats

  • This quiz has been taken 239 times
    (186 since last reset)
  • The average score is 23 of 51

Answer Stats

Hint Answer % Correct
Part of Scandanavia, the capital is CopenhagenDenmark
74%
Famous for its many islands. The capital is AthensGreece
72%
The largest economy in Europe, borders 9 countriesGermany
71%
The first ever country to create pasta (not China or Arab areas!)Italy
67%
The largest producer of wine and perfume in the worldFrance
67%
Gained independence from the UK in 1922Ireland
62%
Speaks Catalan as its official languageAndorra
62%
The northernmost baltic state. Former USSR republicEstonia
62%
A former USSR baltic republic, the capital is RigaLatvia
61%
Inventor country of the dike. The capital is AmsterdamNetherlands
60%
Where the Flemish or Walloons people come fromBelgium
57%
Country with long running conflict with AzerbaijanArmenia
57%
Located in Scandanavia, this country is home to many fjordsNorway
57%
Home to most of Lapland and the Lapp peopleFinland
56%
The largest country in the world by areaRussia
53%
Invaded by Germany in 1939. The composer Frederik Chopin was born herePoland
51%
Declared independence from Serbia in 2007 after a lengthy warKosovo
51%
Small country sandwiched between austria and switzerlandLiechtenstein
50%
Brought fish and chips to the UK in the 18th century. Used to own BrazilPortugal
49%
The oldest country in the world. Completely surrounded by ItalySan Marino
49%
A devestating war occured here in the 1990'sBosnia and Herzegovina
48%
A Scandanvian country which has blue and yellow on its flagSweden
47%
A neutral country that is home to chocolateSwitzerland
47%
The smallest country in the world and home to the popeVatican City
47%
The only country in Europe with a J in its nameAzerbaijan
47%
Hosted Eurovision in 2015Austria
47%
The most densely populated country in the world. Hosts its own Grand PrixMonaco
46%
Became independent from Serbia in 2006. Has an Adriatic sea coastMontenegro
43%
The largest country from the former Yugoslavia. The capital is BelgradeSerbia
42%
Part of the empire that invaded Serbia in 1914Hungary
42%
The poorest country in Europe, official language is RomanianMoldova
42%
Invented Paella and conquered much of South America.Spain
42%
Invaded by Germany in 1939 (Sudentenland)Czech Republic
42%
Invaded by italy in 1941Albania
39%
Claims to be the centre of Europe. Between Russia proper and KaliningradLithuania
38%
A country mostly in Asia that is home to belly dancingTurkey
38%
Where the Dalmation dog was first bredCroatia
37%
Had a brief and unsuccessful war with Russia in 2008Georgia
36%
The only country in the world to have 100% renewable energyIceland
35%
Invaded by Turkey in 1974Cyprus
35%
A former Yugoslav republic that has a Adriatic coastline. It borders ItalySlovenia
35%
The official language of this country is EnglishUnited Kingdom
35%
Mother Theresa was born in this small country in south-east EuropeMacedonia
30%
Former USSR country, mostly in AsiaKazakhstan
28%
The inventor country of the Cyrillic alphabetBulgaria
25%
Home to the Pripet Marshes, the largest in EuropeBelarus
25%
An important sea port in the Mediterrenean. Home of NougatMalta
25%
Home to borscht this country is a former USSR republicUkraine
24%
Andy Warhol is from this country. The Tatras Mountains are hereSlovakia
18%
Contains the largest parliment in the worldRomania
12%
One of the Low countries, sandwiched between Belgium, France and GermanyLuxembourg
0%

Score Distribution

Percentile by Number Answered

Percent of People with Each Score

Your Score History

You have not taken this quiz since the last reset